| 000 | 00320nmm a2200097Ia 4500 | ||
|---|---|---|---|
| 008 | 220120s9999||||xx |||||||||||||||||und|| | ||
| 020 | _a0-07-044540-0 | ||
| 100 | _aPrakash, Shesha M.N and Mogaveer, Ganesh B | ||
| 245 | 0 | _aElements of civil engineering and engineering mechanics | |
| 260 |
_aNew aga international _bNew Delhi |
||
| 999 |
_c139565 _d139565 |
||